000 00794nam a2200241 a 4500
001 66391
003 BD-RjUL
005 20211209081534.0
008 170315r19721967mdua 001 0 eng d
035 _a(BD-RjUL)66521
040 _aDLC
_cDLC
_dBD-RjUL
_beng
041 _aeng
082 0 0 _a579.3
_223
_bSKG 1972
100 1 _aSkerman, V. B. D.
_9196478
245 1 2 _aA guide to the identification of the genera of bacteria :
_bwith methods and digests of generic characteristics /
_cby V. B. D. Skerman
250 _a2d ed.
260 _aBaltimore :
_bWilliams & Wilkins Co.,
_c1967 [Reprinted 1972].
300 _axii, 303 p. :
_bill. ;
_c24 cm.
500 _aInclude Index.
650 0 _aBacteria
_vClassification.
_9196479
650 0 _aBacteria
_vIdentification.
_9196480
942 _2ddc
_cBK
999 _c66391
_d66391